书目信息 |
| 题名: |
日本排球技术和战术
|
|
| 作者: | 丰田博 著 | |
| 分册: | ||
| 出版信息: | 北京 人民体育出版社 1979 |
|
| 页数: | 270页 | |
| 开本: | 20cm | |
| 丛书名: | ||
| 单 册: | ||
| 中图分类: | G842.1 | |
| 科图分类: | ||
| 主题词: | 排球运动--技术--日本 | |
| 电子资源: | ||
| ISBN: | ||
| 000 | 00624nam0 2200229 45 | |
| 001 | 0179003953 | |
| 005 | 20060909164146.12 | |
| 010 | @dCNY1.10 | |
| 091 | @aCN@b7015.1602 | |
| 100 | @a19950717d1979 em y0chiy0121 ea | |
| 101 | 1 | @achi@cjpn |
| 102 | @aCN@b110000 | |
| 105 | @ay z 000yy | |
| 200 | 10 | @a日本排球技术和战术@Ari ben pai qiu ji shu he zhan shu@f(日)丰田博等著 |
| 210 | @a北京@c人民体育出版社@d1979 | |
| 215 | @a270页@d20cm | |
| 300 | @a国内发行 | |
| 606 | @a排球运动@x技术@y日本 | |
| 690 | @aG842.1@v3 | |
| 701 | 0 | @a丰田博@Afeng tian bo@4著 |
| 801 | 0 | @aCN@bTSSF@c20060909 |
| 905 | @a10447@dG842.1@e220 | |
| 日本排球技术和战术/(日)丰田博等著.-北京:人民体育出版社,1979 |
| 270页;20cm |
| 国内发行 |
| ISBN :CNY1.10 |
| ● |
| 相关链接 |
|
|
|
|
正题名:日本排球技术和战术
索取号:G842.1/220
 
预约/预借
| 序号 | 登录号 | 条形码 | 馆藏地/架位号 | 状态 | 备注 |
| 1 | 0448355 | 204483558 | 密集书库/ [索取号:G842.1/220] | 在馆 | |
| 2 | 0448528 | 204485280 | 密集书库/ [索取号:G842.1/220] | 在馆 | |
| 3 | 0465440 | 204654409 | 密集书库/ [索取号:G842.1/220] | 在馆 | |
| 4 | 0471801 | 204718010 | 密集书库/ [索取号:G842.1/220] | 在馆 |